Practical Handbook of Physical Pharmaceutics-II (Record no. 13909)

MARC details
000 -LEADER
fixed length control field 00506nam a22001937a 4500
003 - CONTROL NUMBER IDENTIFIER
control field OSt
008 - FIXED-LENGTH DATA ELEMENTS--GENERAL INFORMATION
fixed length control field 260416b |||||||| |||| 00| 0 eng d
020 ## - INTERNATIONAL STANDARD BOOK NUMBER
International Standard Book Number 9789361358586
082 ## - DEWEY DECIMAL CLASSIFICATION NUMBER
Classification number 615.19 MAP
100 ## - MAIN ENTRY--PERSONAL NAME
Personal name Mahajan, Kiran Chanderkant
245 ## - TITLE STATEMENT
Title Practical Handbook of Physical Pharmaceutics-II
260 ## - PUBLICATION, DISTRIBUTION, ETC. (IMPRINT)
Place of publication, distribution, etc N.Delhi
Name of publisher, distributor, etc Akinik
Date of publication, distribution, etc 2025
300 ## - PHYSICAL DESCRIPTION
Extent 31
650 ## - SUBJECT ADDED ENTRY--TOPICAL TERM
Topical term or geographic name as entry element Physical pharmaceutics-II
700 ## - ADDED ENTRY--PERSONAL NAME
Personal name Suryawanshi, A.R
700 ## - ADDED ENTRY--PERSONAL NAME
Personal name Wavhal & Wavhal
942 ## - ADDED ENTRY ELEMENTS (KOHA)
Source of classification or shelving scheme Dewey Decimal Classification
Koha item type Text Books
Holdings
Withdrawn status Lost status Source of classification or shelving scheme Damaged status Not for loan Collection code Home library Current library Date acquired Source of acquisition Currency Cost, normal purchase price Bill Number Total Checkouts Full call number Acc. no. / Barcode Date last seen Actual Cost, discounted price Bill Date Koha item type
    Dewey Decimal Classification     B.Pharma PIET C-LIBRARY PIET C-LIBRARY 11/04/2026 Zafaa Books Distributres Indian Rup 245.00 ZBD-26-27-0006   615.19 MAP BP2960 16/04/2026 208.25 07/04/2026 Reference Books
    Dewey Decimal Classification     B.Pharma PIET C-LIBRARY PIET C-LIBRARY 11/04/2026 Zafaa Books Distributres Indian Rup 245.00 ZBD-26-27-0006   615.19 MAP BP2961 16/04/2026 208.25 07/04/2026 Text Books
    Dewey Decimal Classification     B.Pharma PIET C-LIBRARY PIET C-LIBRARY 11/04/2026 Zafaa Books Distributres Indian Rup 245.00 ZBD-26-27-0006   615.19 MAP BP2962 16/04/2026 208.25 07/04/2026 Text Books

Design & Developed by: PIET Central Library
R70 Miles Stone Pattikalyana Samalkha Panipat 132102
mail ID :- [email protected], Phone No:- 0180-2569700 Ex.216